00501nam a2200169Ia 4500008004000000082001600040100001800056245002500074250000500099260003400104300001200138650002100150690001900171906001100190999001700201952011300218210210b1992 xxu||||| |||| 00| 0 eng d a346.07 KAPC aKAPOOR (N D). aCommercial law. Ed.6 a aNDbSultan Chand & Sonsc1992 a504,176 aCommercial law  aMercantile Law a045677 c94943d94943 001040708LawaALbALcLawd2021-02-17g70.00l0o346.07 KAPCp045677r2021-02-17 00:00:00w2021-02-17yBK